000 00656nam a2200193Ia 4500
008 220216s9999 xx 000 0 und d
100 _aGeorge S.
245 0 _aEffects of conservation pits on growth and latex yield of Hevea brasiliensis
260 _bIn: Preprints of Papers. International Natural Rubber Conference, India 2005, 6-8 November 2005, Rubber Research Institute of India, Kottayam, Kerala, India, pp. 169-176.
_c2005
650 _aConservation pit
650 _aGrowth
650 _aSoil moisture
650 _aYield
700 _aJohn J.[a]
700 _aJoseph P.
700 _aPhilip A.
700 _aPunnoose K.I.
942 _cBS
999 _c52453
_d52453